Didactics of Mathematics as a scientific discipline.
Gorde:
| Egile nagusia: | |
|---|---|
| Formatua: | Liburua |
| Hizkuntza: | ingelesa |
| Argitaratua: |
Dordrecht
Kluwer Academic Publishers
1994
|
| Saila: | Mathematics Education Library.
13 |
| Gaiak: | |
| Etiketak: |
Etiketa erantsi
Etiketarik gabe, Izan zaitez lehena erregistro honi etiketa jartzen!
|
MARC
| LEADER | 00000nam a2200000 a 4500 | ||
|---|---|---|---|
| 001 | UCY4214 | ||
| 003 | CL-VaPUC | ||
| 005 | 20230718074420.0 | ||
| 008 | 950303e19940000NE |||||||||||||||||eng|d | ||
| 999 | |c 232136 |d 232134 | ||
| 040 | |c Pontificia Universidad Católica de Valparaíso | ||
| 082 | 0 | 4 | |a 510.7 BIE 1994 |2 21 |
| 100 | 0 | |a Biehler, Rolf |9 332621 | |
| 245 | 1 | 0 | |a Didactics of Mathematics as a scientific discipline. |
| 260 | |a Dordrecht |b Kluwer Academic Publishers |c 1994 | ||
| 300 | |a 476 páginas | ||
| 490 | 0 | |a Mathematics Education Library. |v 13 | |
| 583 | |a last modification |c 20120823 10:20:31 |k Rodrigo Vera | ||
| 650 | 0 | |a Matemática |9 260235 | |
| 942 | |c BK |2 ddc | ||
| 945 | |d 19950303 00:00:00 |a mfernand | ||
| 952 | |0 0 |1 0 |2 ddc |4 0 |6 510_700000000000000_BIE_1994 |7 0 |8 A |9 236216 |a BIBMAT |b BIBMAT |c E_DIDACT |d 2019-11-15 |i 3061299 |l 2 |m 1 |o 510.7 BIE 1994 |p 3061299 |r 2025-01-07 |s 2021-12-14 |t 1 |w 2019-11-15 |y BK |k MAT | ||
| 952 | |0 0 |1 0 |2 ddc |4 0 |6 510_700000000000000_BIE_1994 |7 0 |8 A |9 236217 |a BIBMAT |b BIBMAT |c E_DIDACT |d 2019-11-15 |i 3222292 |o 510.7 BIE 1994 |p 3222292 |r 2025-01-07 |t 2 |w 2019-11-15 |y BK |k MAT | ||